Réseaux sociaux et e-réputation : le cas de la SCNF (notice n° 1593264)

détails MARC
000 -LEADER
fixed length control field 02547cam a2200313 4500500
005 - DATE AND TIME OF LATEST TRANSACTION
control field 20251228070647.0
041 ## - LANGUAGE CODE
Language code of text/sound track or separate title fre
042 ## - AUTHENTICATION CODE
Authentication code dc
100 10 - MAIN ENTRY--PERSONAL NAME
Personal name Cherif Ben Miled, Hela
Relator term author
245 00 - TITLE STATEMENT
Title Réseaux sociaux et e-réputation : le cas de la SCNF
260 ## - PUBLICATION, DISTRIBUTION, ETC.
Date of publication, distribution, etc. 2019.<br/>
500 ## - GENERAL NOTE
General note 94
520 ## - SUMMARY, ETC.
Summary, etc. Le rôle croissant joué par les réseaux sociaux impose désormais à l’entreprise d’adopter une veille stratégique. Cet article étudie la nature et la gestion de la e-réputation par l’entreprise. Une étude statistique a été réalisée sur des indices de présence sur les réseaux sociaux et les déterminants de cette e-réputation. Les résultats mettent en évidence la nécessité pour l’entreprise étudiée, la SNCF, de préserver activement sa réputation suite à tout événement indésirable. La stratégie de social média de la SNCF repose sur la co-creation de contenu de contenu avec les différentes communautés d’usagers sur les différents réseaux sociaux et plateformes digitales (blogs, forums...). Une stratégie de gestion de communautés semble indispensable pour accompagner la e-réputation en vue de fournir du contenu de qualité, transparent et fiable.
520 ## - SUMMARY, ETC.
Summary, etc. The increasing role played by social networks now requires the company to adopt a strategic watch. This paper deals with the nature and management of ereputation. A statistical study was performed on indices of presence on social networks and the determinants of e-reputation. The results highlight the need for the considered firm, SNCF, to preserve its reputation from any adverse event. A SNCF’s social media strategy is based on content co-creation with different user communities on various social networks and digital platforms (blogs, forums, etc.). A community management strategy seems essential to nurse the e-reputation in order to provide quality, transparent and reliable content.
690 ## - LOCAL SUBJECT ADDED ENTRY--TOPICAL TERM (OCLC, RLIN)
Topical term or geographic name as entry element co-création
690 ## - LOCAL SUBJECT ADDED ENTRY--TOPICAL TERM (OCLC, RLIN)
Topical term or geographic name as entry element e-réputation
690 ## - LOCAL SUBJECT ADDED ENTRY--TOPICAL TERM (OCLC, RLIN)
Topical term or geographic name as entry element réseaux sociaux
690 ## - LOCAL SUBJECT ADDED ENTRY--TOPICAL TERM (OCLC, RLIN)
Topical term or geographic name as entry element veille stratégique
690 ## - LOCAL SUBJECT ADDED ENTRY--TOPICAL TERM (OCLC, RLIN)
Topical term or geographic name as entry element co-creation
690 ## - LOCAL SUBJECT ADDED ENTRY--TOPICAL TERM (OCLC, RLIN)
Topical term or geographic name as entry element e-reputation
690 ## - LOCAL SUBJECT ADDED ENTRY--TOPICAL TERM (OCLC, RLIN)
Topical term or geographic name as entry element social networks
690 ## - LOCAL SUBJECT ADDED ENTRY--TOPICAL TERM (OCLC, RLIN)
Topical term or geographic name as entry element strategic watch
700 10 - ADDED ENTRY--PERSONAL NAME
Personal name Cros, Sophie
Relator term author
700 10 - ADDED ENTRY--PERSONAL NAME
Personal name Pratlong, Florent
Relator term author
700 10 - ADDED ENTRY--PERSONAL NAME
Personal name Bonev, Boris
Relator term author
700 10 - ADDED ENTRY--PERSONAL NAME
Personal name Poirier, Rudy
Relator term author
786 0# - DATA SOURCE ENTRY
Note Vie & sciences de l'entreprise | 206 | 2 | 2019-06-19 | p. 103-122 | 2262-5321
856 41 - ELECTRONIC LOCATION AND ACCESS
Uniform Resource Identifier <a href="https://shs.cairn.info/revue-vie-et-sciences-de-l-entreprise-2018-2-page-103?lang=fr&redirect-ssocas=7080">https://shs.cairn.info/revue-vie-et-sciences-de-l-entreprise-2018-2-page-103?lang=fr&redirect-ssocas=7080</a>

Pas d'exemplaire disponible.

PLUDOC

PLUDOC est la plateforme unique et centralisée de gestion des bibliothèques physiques et numériques de Guinée administré par le CEDUST. Elle est la plus grande base de données de ressources documentaires pour les Étudiants, Enseignants chercheurs et Chercheurs de Guinée.

Adresse

627 919 101/664 919 101

25 boulevard du commerce
Kaloum, Conakry, Guinée

Réseaux sociaux

Powered by Netsen Group @ 2025